|
|
|
|
| LEADER |
00000naa2a2200000 4500 |
| 001 |
387584 |
| 005 |
20231101063626.0 |
| 035 |
|
|
|a (RuTPU)RU\TPU\prd\17341
|
| 090 |
|
|
|a 387584
|
| 100 |
|
|
|a 20030915a2003 k y0rusy50 ca
|
| 101 |
0 |
|
|a rus
|
| 102 |
|
|
|a UA
|
| 200 |
1 |
|
|a Нелинейные акустические эффекты в материало- и энергосберегающих химико-технологических процессах. 3. Получение устойчивых суспензий
|f Г. П. Бойко, И. Д. Полониченко, Ю. В. Рогушина, Л. Г. Бойко
|
| 225 |
1 |
|
|a Переработка сырья и ресурсосбережение
|
| 320 |
|
|
|a Библиогр.: 17 назв.
|
| 461 |
|
1 |
|0 (RuTPU)RU\TPU\prd\1029
|x 0235-3482
|t Экотехнологии и ресурсосбережение
|o научно-технический журнал
|f Национальная академия наук Украины (НАНУ) ; Институт газа Украины
|d 1994-2008
|
| 463 |
|
1 |
|0 (RuTPU)RU\TPU\prd\16816
|t № 4
|v С. 18-23
|d 2003
|
| 610 |
1 |
|
|a диспергирование
|
| 610 |
1 |
|
|a эмульгирование
|
| 610 |
1 |
|
|a поверхностные явления
|
| 610 |
1 |
|
|a коллоидная дисперсность
|
| 610 |
1 |
|
|a ультразвук
|
| 701 |
|
1 |
|a Бойко
|b Г. П.
|
| 701 |
|
1 |
|a Полониченко
|b И. Д.
|
| 701 |
|
1 |
|a Рогушина
|b Ю. В.
|
| 701 |
|
1 |
|a Бойко
|b Л. Г.
|
| 801 |
|
1 |
|a RU
|b 63413507
|c 20030915
|g PSBO
|
| 801 |
|
2 |
|a RU
|b 63413507
|c 20131017
|g PSBO
|
| 942 |
|
|
|c BK
|